Zvláštní detaily

Salvato in:
Dettagli Bibliografici
Autore principale: Cadwell, Michael (Autore)
Natura: Libro
Lingua:ceco
Pubblicazione: Zlín : Archa, 2012
Soggetti:
Tags: Aggiungi Tag
Nessun Tag, puoi essere il primo ad aggiungerne!!

MARC

LEADER 00000nam a22000003a 4500
001 stu250834
005 20150617230228.7
008 120718s2012------------------------cze-d
020 |a 978-80-87545-05-8 
040 |a STU  |b slo 
041 0 |a cze 
100 1 |a Cadwell, Michael  |4 aut 
245 1 |a Zvláštní detaily 
260 |a Zlín :  |b Archa,  |c 2012 
300 |a 201 s. 
650 7 |a architektúra - teória  |2 stusub 
650 7 |a Wright,Frank Loyd  |2 stusub 
650 7 |a Mies van der Rohe  |2 stusub 
650 7 |a Kahn, L.I.  |2 stusub 
996 |b 284AU05282  |c A*8006 U  |l AAKNAR  |s A  |a 24  |w stu250834_0001 
996 |b 284AU06329  |c A*9227 U  |l AAKNST  |s P  |a 0  |w stu250834_0002